000 00597nam a22001937a 4500
005 20251108164225.0
008 250721s2000 xx 000 0 ara d
082 1 4 _a306,45/شاع
100 1 _aالشاعر، عبد المجيد
245 1 0 _aعلم الإجتماع الطبي /
264 1 _aعمان :
_bدار اليازوري للنشر والتوزيع،
_c2000.
300 _a172ص
650 1 7 _aعلم الإجتماع
650 1 7 _aعلم الإجتماع الطبي
700 1 _aأبو الرب، يوسف
700 1 _aقطاش، رشدي
942 _2ddc
_cBK
999 _c6782
_d6782